Central Library OPAC University of Rajshahi

Papers relating to foreign affairs / (Record no. 19699)

MARC details
000 -LEADER
fixed length control field 00770nam a2200229 a 4500
001 - CONTROL NUMBER
control field 19699
003 - CONTROL NUMBER IDENTIFIER
rucl marc code BD-RjUL
005 - DATE AND TIME OF LATEST TRANSACTION
control field 20211209000451.0
008 - FIXED-LENGTH DATA ELEMENTS--GENERAL INFORMATION
fixed length control field 160721s1866 dcuar f0 a0eng c
035 ## - SYSTEM CONTROL NUMBER
System control number (BD-RjUL)19760
-- (OCoLC)ocm09592030
040 ## - CATALOGING SOURCE
Original cataloging agency NcU
Language of cataloging eng
Transcribing agency NcU
Modifying agency BD-RjUL
041 ## - LANGUAGE CODE
Language code of text/sound track or separate title eng
082 10 - DEWEY DECIMAL CLASSIFICATION NUMBER
Classification number 327
Edition number 12
Author mark and year GOP 1866
110 2# - MAIN ENTRY--CORPORATE NAME
Corporate name or jurisdiction name as entry element Goverment Of United States Of America
9 (RLIN) 138025
245 10 - TITLE STATEMENT
Title Papers relating to foreign affairs /
Statement of responsibility, etc. Goverment Of United States Of America
260 ## - PUBLICATION, DISTRIBUTION, ETC. (IMPRINT)
Place of publication, distribution, etc. Washington ; D.C. :
Name of publisher, distributor, etc. G.P.O.,
Date of publication, distribution, etc. 1866.
300 ## - PHYSICAL DESCRIPTION
Pagination xliii, 850 p. :
Illustrations ill. ;
Size 23 cm
651 #0 - SUBJECT ADDED ENTRY--GEOGRAPHIC NAME
Geographic name United States
General subdivision Foreign relations
Form subdivision Sources.
9 (RLIN) 60526
942 ## - ADDED ENTRY ELEMENTS (KOHA)
Source of classification or shelving scheme Dewey Decimal Classification
Koha item type Books
Holdings
Lost status Source of classification or shelving scheme Damaged status Not for loan Collection code Permanent Location Current Location Shelving location Date acquired Source of acquisition Total Checkouts Full call number Date last seen Copy number Koha item type
  Dewey Decimal Classification     Non-fiction Central Library, University of Rajshahi Central Library, University of Rajshahi   18/01/1958 Bra. Exchange   327 GOP 1866 25/02/2014 C-3 Books
  Dewey Decimal Classification   Not For Loan Non-fiction Central Library, University of Rajshahi Central Library, University of Rajshahi Reading Room 18/01/1958 U.S. Book Exchange   327 GOP 1866 06/09/2022 C-1 Books
  Dewey Decimal Classification     Non-fiction Central Library, University of Rajshahi Central Library, University of Rajshahi General Stacks 18/01/1958 U.S. Book Exchange   327 GOP 1866 06/09/2022 C-2 Books